[Event "2nd EUR-ch (w)"]
[Site "Warsaw POL"]
[Date "2001.05.02"]
[Round "10.17"]
[White "Dzagnidze, Nana"]
[Black "Vasylevich, Tatiana"]
[Result "1-0"]
[WhiteElo "2241"]
[BlackElo "2438"]
[EventDate "2001.04.21"]
[PlyCount "125"]

1.d4 Nf6 2.Nf3 e6 3.e3 b6 4.Bd3 Bb7 5.O-O c5 6.b3 Nc6 7.a3 Be7 8.Bb2 cxd4 
9.exd4 O-O 10.Re1 Rc8 11.Nbd2 Qc7 12.c4 d5 13.Rc1 Qf4 14.Qe2 Rfd8 15.Qe3 
Qxe3 16.fxe3 dxc4 17.Nxc4 b5 18.Ncd2 b4 19.axb4 Bxb4 20.Red1 Na5 21.e4 h6 
22.Rxc8 Rxc8 23.Rc1 Rxc1+ 24.Bxc1 Bc3 25.Kf2 Nc6 26.Ke3 Ng4+ 27.Kf4 Nf2 
28.Ke3 Ng4+ 29.Kf4 Nf2 30.Ke3 Nxd3 31.Kxd3 Bb4 32.Nc4 Ba6 33.Bd2 Be7 34.d5
exd5 35.exd5 Nb4+ 36.Kd4 Bb7 37.Bxb4 Bxb4 38.Nfe5 Kf8 39.d6 Be1 40.Nd3 Bh4
41.g3 Bd8 42.Kc5 Ke8 43.Nde5 f5 44.Nc6 g5 45.N4e5 Bb6+ 46.Kd5 Bxc6+ 47.
Kxc6 f4 48.gxf4 gxf4 49.d7+ Kd8 50.b4 h5 51.h4 f3 52.Nxf3 Ke7 53.Ng5 Bd8 
54.b5 Ba5 55.Ne4 Bd8 56.Ng3 Ke6 57.Nxh5 Bxh4 58.Ng7+ Kf7 59.Nf5 Bd8 60.
Nd6+ Ke6 61.Nb7 Ke7 62.Nxd8 Kxd8 63.Kd6 1-0

[Event "2nd EUR-ch (w)"]
[Site "Warsaw POL"]
[Date "2001.05.02"]
[Round "10.19"]
[White "Zielinska, Marta"]
[Black "Cosma, Elena-Luminita"]
[Result "1-0"]
[WhiteElo "2377"]
[BlackElo "2331"]
[EventDate "2001.04.21"]
[PlyCount "81"]

1.d4 d5 2.c4 e6 3.Nf3 c6 4.e3 Nf6 5.Bd3 Nbd7 6.O-O Bd6 7.Nc3 O-O 8.e4 dxe4
9.Nxe4 Nxe4 10.Bxe4 h6 11.Bc2 e5 12.b3 Re8 13.Re1 exd4 14.Rxe8+ Qxe8 15.
Qxd4 Bc5 16.Qd3 Nf6 17.Bb2 Qd7 18.Qf1 Qe7 19.Re1 Be6 20.Nd4 Qd6 21.Rd1 Bg4
22.Nf3 Qe7 23.Re1 Qd8 24.Rd1 Qe7 25.Qd3 Bxf3 26.Bxf6 Be4 27.Bxe7 Bxd3 28.
Rxd3 Bxe7 29.Rd7 Bc5 30.Rxb7 Re8 31.Kf1 a5 32.f3 Bb4 33.Be4 c5 34.Bd5 Re1+
35.Kf2 Ra1 36.Rxf7 Rxa2+ 37.Kg3 Be1+ 38.Kh3 Kh7 39.Re7 Bb4 40.Be4+ Kg8 41.
Bg6 1-0

[Event "2nd EUR-ch (w)"]
[Site "Warsaw POL"]
[Date "2001.05.02"]
[Round "10.20"]
[White "Radziewicz, Iweta"]
[Black "Klinova, Masha"]
[Result "1-0"]
[WhiteElo "2345"]
[BlackElo "2368"]
[EventDate "2001.04.21"]
[PlyCount "81"]

1.d4 d6 2.Nf3 Nf6 3.c4 g6 4.Nc3 Bg7 5.Bg5 O-O 6.e3 c6 7.Be2 Qc7 8.O-O Nbd7
9.Qc2 Re8 10.Rad1 e5 11.Bh4 Nf8 12.dxe5 dxe5 13.Nd2 Bf5 14.e4 Be6 15.Bg3 
Bh6 16.a3 a5 17.c5 N6d7 18.Na4 Bf4 19.Nc4 Bxc4 20.Bxc4 Ne6 21.Bxe6 Rxe6 
22.Rd3 Bxg3 23.hxg3 Ree8 24.Rfd1 Nf8 25.Qd2 Qe7 26.Nb6 Ra7 27.Rd6 a4 28.
Qc3 Qg5 29.Nd7 Nxd7 30.Rxd7 Qg4 31.Qc4 Qe6 32.Qb4 Raa8 33.R1d6 Qa2 34.Kh2 
Rab8 35.Rxb7 Rbd8 36.Rxd8 Rxd8 37.Rb8 Rf8 38.Rxf8+ Kxf8 39.Qb8+ Kg7 40.
Qxe5+ Kh6 41.g4 1-0

[Event "2nd EUR-ch (w)"]
[Site "Warsaw POL"]
[Date "2001.05.02"]
[Round "10.21"]
[White "Calzetta Ruiz, Monica"]
[Black "Dworakowska, Joanna"]
[Result "1/2-1/2"]
[WhiteElo "2310"]
[BlackElo "2360"]
[EventDate "2001.04.21"]
[PlyCount "96"]

1.e4 c5 2.Nf3 d6 3.d4 cxd4 4.Nxd4 Nf6 5.Nc3 a6 6.Be3 e5 7.Nb3 Be7 8.f3 Be6
9.g4 O-O 10.Qd2 d5 11.g5 Nxe4 12.fxe4 d4 13.O-O-O dxe3 14.Qg2 Nd7 15.h4 
Rc8 16.Nd5 Bxd5 17.exd5 Nc5 18.Kb1 a5 19.Nxc5 Bxc5 20.Qe4 Qb6 21.Bd3 g6 
22.c3 Ba3 23.Rh2 Rxc3 24.Ka1 Bb4 25.h5 Rfc8 26.Rhh1 R3c7 27.hxg6 fxg6 28.
d6 Bxd6 29.Qd5+ Kh8 30.Qe6 Rf8 31.Bxg6 e2 32.Rde1 Re7 33.Qh3 Qc7 34.Rxe2 
a4 35.Qh6 Rg7 36.Bb1 a3 37.g6 axb2+ 38.Rxb2 Ba3 39.Rc2 Qd6 40.Qe3 e4 41.
Qc3 Qf6 42.Qxf6 Rxf6 43.Rc8+ Rf8 44.Rxf8+ Bxf8 45.Bxe4 Re7 46.Rxh7+ Rxh7 
47.gxh7 b5 48.Kb2 b4 1/2-1/2

[Event "2nd EUR-ch (w)"]
[Site "Warsaw POL"]
[Date "2001.05.02"]
[Round "10.22"]
[White "Demina, Yulia"]
[Black "Reizniece, Dana"]
[Result "1/2-1/2"]
[WhiteElo "2350"]
[BlackElo "2301"]
[EventDate "2001.04.21"]
[PlyCount "72"]

1.d4 Nf6 2.Nf3 g6 3.g3 Bg7 4.Bg2 O-O 5.O-O d6 6.c4 Nc6 7.Nc3 a6 8.b3 Rb8 
9.Bb2 b5 10.cxb5 axb5 11.Rc1 b4 12.Na4 Na7 13.Qc2 c6 14.Ne1 Ba6 15.Nd3 Qa5
16.Rfd1 Rfc8 17.Qd2 Nd7 18.a3 Bxd3 19.Qxd3 c5 20.Bh3 e6 21.axb4 Qxb4 22.
dxc5 Bxb2 23.Nxb2 d5 24.Qa6 Nc6 25.Nd3 Qxb3 26.Qa1 Ra8 27.Qc3 Qxc3 28.Rxc3
Ra2 29.Bf1 Na5 30.Rdc1 Nc4 31.e4 Nxc5 32.Nxc5 Rxc5 33.exd5 exd5 34.Bxc4 
dxc4 35.Rxc4 Rf5 36.R4c2 Rfa5 1/2-1/2

[Event "2nd EUR-ch (w)"]
[Site "Warsaw POL"]
[Date "2001.05.02"]
[Round "10.23"]
[White "Zhukova, Natalia"]
[Black "Kiseleva, Natalia"]
[Result "0-1"]
[WhiteElo "2463"]
[BlackElo "2296"]
[EventDate "2001.04.21"]
[PlyCount "128"]

1.d4 Nf6 2.c4 g6 3.Nc3 Bg7 4.e4 d6 5.f3 O-O 6.Bg5 c5 7.d5 e6 8.Qd2 Qa5 9.
Nge2 exd5 10.cxd5 Bd7 11.Ng3 Rc8 12.Be2 c4 13.O-O b5 14.Rfc1 Na6 15.Kh1 
Ne8 16.Nd1 Qxd2 17.Bxd2 Nc5 18.Bc3 a5 19.Bxg7 Kxg7 20.Ne3 Rc7 21.Rab1 a4 
22.a3 Nf6 23.Rc3 Nb3 24.Bd1 Nc5 25.Ne2 Nfxe4 26.fxe4 Nxe4 27.Nf1 Nxc3 28.
Nxc3 Re8 29.Bc2 Rb7 30.Nd2 f5 31.Kg1 Rc8 32.Na2 Rc5 33.Bd1 Be8 34.Bf3 Bf7 
35.Nb4 c3 36.bxc3 Rxc3 37.Ra1 Re7 38.Kf2 g5 39.Be2 Rc5 40.Nf3 Kf6 41.Rd1 
Rc3 42.Ra1 Ree3 43.Rd1 Re7 44.Nd4 Rxa3 45.Nxb5 Rb3 46.Rd4 Rb2 47.Nc3 a3 
48.Nc6 a2 49.Ra4 Rexe2+ 50.Nxe2 Bxd5 51.Nd4 Rb1 52.Nc3 Bf7 53.Nxa2 Rb2+ 
54.Kg1 Bxa2 55.Ra6 Bd5 56.Nf3 Bxf3 57.gxf3 Ke5 58.Ra4 h5 59.h3 h4 60.Kf1 
Rh2 61.f4+ gxf4 62.Ra3 d5 63.Kg1 Rc2 64.Ra8 f3 0-1

[Event "2nd EUR-ch (w)"]
[Site "Warsaw POL"]
[Date "2001.05.02"]
[Round "10.24"]
[White "Fatalibekova, Elena"]
[Black "Alexandrova, Olga"]
[Result "0-1"]
[WhiteElo "2284"]
[BlackElo "2419"]
[EventDate "2001.04.21"]
[PlyCount "146"]

1.Nf3 c5 2.c4 b6 3.Nc3 Bb7 4.e3 Nf6 5.d4 cxd4 6.exd4 e6 7.a3 d6 8.Bd3 Be7 
9.O-O O-O 10.Bf4 a6 11.Bc2 Nbd7 12.Qd3 Re8 13.Ba4 Rc8 14.Nd2 Qc7 15.Qh3 
Red8 16.Rfe1 Nf8 17.Bc2 Qb8 18.a4 Bc6 19.d5 Bd7 20.Qf3 e5 21.h3 b5 22.axb5
axb5 23.cxb5 Bxb5 24.Be3 Rc7 25.Ra3 Rb7 26.Nxb5 Rxb5 27.Ra7 Rd7 28.Rxd7 
N8xd7 29.Ba4 Rxb2 30.Bc6 Qb4 31.Qd1 Bd8 32.Qc1 Nb6 33.Rd1 h6 34.Nf3 Kh7 
35.Bd2 Qb3 36.Be3 Nc4 37.Nd2 Nxd2 38.Bxd2 Rc2 39.Qa1 Ra2 40.Qc1 Bb6 41.Rf1
Bd4 42.Be3 Rc2 43.Qb1 Qxb1 44.Rxb1 Bxe3 45.fxe3 Rd2 46.Rb7 Kg6 47.e4 Re2 
48.Ba4 Nxe4 49.Be8 Re1+ 50.Kh2 Rf1 51.h4 h5 52.Rd7 Rf6 53.Rc7 Nc5 54.Bb5 
Kf5 55.Be8 Kg4 56.Bxf7 Kxh4 57.Be8 g6 58.Ra7 Kg4 59.Ra3 h4 60.Rc3 e4 61.
Kg1 Kf4 62.Bc6 Ke5 63.Rh3 g5 64.Ra3 g4 65.Ra8 g3 66.Rh8 Rf4 67.Rh5+ Kd4 
68.Bb5 Nd3 69.Rh6 Kxd5 70.Ba6 Kc5 71.Bb7 d5 72.Rh5 Nb4 73.Re5 Kd4 0-1

[Event "2nd EUR-ch (w)"]
[Site "Warsaw POL"]
[Date "2001.05.02"]
[Round "10.25"]
[White "Galianina-Ryanova, Yulia"]
[Black "Bogza, Adina"]
[Result "1-0"]
[WhiteElo "2389"]
[BlackElo "2252"]
[EventDate "2001.04.21"]
[PlyCount "59"]

1.d4 g6 2.c4 Bg7 3.e4 d6 4.Nc3 Nd7 5.Bg5 f6 6.Be3 e5 7.Nf3 Nh6 8.h3 O-O 9.
Qd2 Nf7 10.g4 exd4 11.Nxd4 Nc5 12.O-O-O Ng5 13.f3 Nce6 14.Nxe6 Nxe6 15.f4 
Re8 16.h4 Nxf4 17.Bxf4 Bxg4 18.Re1 a5 19.Be2 Be6 20.h5 g5 21.h6 Bf8 22.
Reg1 Kh8 23.Bxg5 Bf7 24.Rf1 Re6 25.Rxf6 Rxf6 26.Qd4 Be7 27.Rf1 Kg8 28.Bxf6
c5 29.Qg1+ Bg6 30.Nd5 1-0

[Event "2nd EUR-ch (w)"]
[Site "Warsaw POL"]
[Date "2001.05.02"]
[Round "10.26"]
[White "Zakurdyaeva, Irina"]
[Black "Polovnikova, Ekaterina"]
[Result "1/2-1/2"]
[WhiteElo "2282"]
[BlackElo "2377"]
[EventDate "2001.04.21"]
[PlyCount "151"]

1.e4 e5 2.Nf3 Nc6 3.Nc3 Nf6 4.Bb5 Bb4 5.O-O O-O 6.d3 d6 7.Bg5 a6 8.Bxc6 
bxc6 9.Ne2 Bg4 10.Ng3 h6 11.Be3 Nh5 12.c3 Ba5 13.h3 Nxg3 14.fxg3 Bxf3 15.
Rxf3 Bb6 16.Bxb6 cxb6 17.Qb3 Ra7 18.Raf1 b5 19.Kh1 Qa5 20.a3 Rb7 21.Qd1 
Qa4 22.Qe2 f6 23.R3f2 Qb3 24.Qg4 Kh7 25.Qf5+ g6 26.Qg4 Kg7 27.Qe2 Qe6 28.
g4 a5 29.Qc2 d5 30.Re2 dxe4 31.Rxe4 c5 32.Rfe1 Qd6 33.d4 cxd4 34.cxd4 exd4
35.Qd3 Rd7 36.Qxb5 d3 37.Qxd7+ Qxd7 38.Re7+ Qxe7 39.Rxe7+ Rf7 40.Re1 Rb7 
41.Rb1 d2 42.Kh2 Rxb2 43.Rd1 Ra2 44.a4 Kf7 45.Kg3 Ke6 46.Kf3 Ke5 47.Ke3 
Rxa4 48.Rxd2 Ra3+ 49.Kf2 a4 50.Re2+ Kf4 51.Rc2 Ra1 52.Rc6 Ra2+ 53.Kg1 Ke5 
54.Ra6 h5 55.gxh5 gxh5 56.Ra5+ Kf4 57.Rc5 a3 58.Rc4+ Ke3 59.Rc3+ Kd4 60.
Rf3 f5 61.Kh2 Ke4 62.Rb3 f4 63.Rb4+ Ke3 64.Rb3+ Ke2 65.Rc3 Kd1 66.Rb3 Ke2 
67.Rc3 Ra1 68.Rb3 Kd2 69.Rf3 h4 70.Rf2+ Ke3 71.Rf3+ Ke4 72.Rb3 a2 73.Ra3 
Kd4 74.Ra4+ Kc3 75.Ra8 Kd2 76.Ra4 1/2-1/2

[Event "2nd EUR-ch (w)"]
[Site "Warsaw POL"]
[Date "2001.05.02"]
[Round "10.27"]
[White "Shumiakina, Tatiana"]
[Black "Tsoganova, Monika"]
[Result "1-0"]
[WhiteElo "2376"]
[BlackElo "2239"]
[EventDate "2001.04.21"]
[PlyCount "81"]

1.Nf3 Nf6 2.c4 e6 3.g3 b6 4.Bg2 Bb7 5.O-O c5 6.b3 Be7 7.Bb2 d6 8.Nc3 Nbd7 
9.d4 cxd4 10.Nxd4 Bxg2 11.Kxg2 Qc7 12.e3 a6 13.f4 O-O 14.Qf3 Rfe8 15.g4 
Nc5 16.g5 Nfd7 17.Rad1 Bf8 18.Rd2 Qb7 19.Qxb7 Nxb7 20.h4 e5 21.Nf5 exf4 
22.exf4 g6 23.Ng3 Bg7 24.Rfd1 f5 25.Nd5 Rac8 26.Kf3 b5 27.cxb5 axb5 28.
Bxg7 Kxg7 29.Re2 Rxe2 30.Nxe2 Ndc5 31.Rc1 Ra8 32.Rc2 Nd8 33.Nc7 Rb8 34.Nd4
Rb6 35.b4 Nd3 36.Re2 Kf7 37.a3 Nc6 38.Ndxb5 Ncxb4 39.axb4 Nxb4 40.Re6 Na6 
41.Rxd6 1-0

[Event "2nd EUR-ch (w)"]
[Site "Warsaw POL"]
[Date "2001.05.02"]
[Round "10.28"]
[White "Tereladze, Sopiko"]
[Black "Kononenko, Tatiana"]
[Result "0-1"]
[WhiteElo "2267"]
[BlackElo "2361"]
[EventDate "2001.04.21"]
[PlyCount "96"]

1.e4 e6 2.d4 d5 3.Nc3 Bb4 4.exd5 exd5 5.Bd3 Nc6 6.a3 Bxc3+ 7.bxc3 Nge7 8.
Qf3 Be6 9.Nh3 Qd7 10.Nf4 O-O-O 11.Nxe6 Qxe6+ 12.Be3 g6 13.O-O Nf5 14.Bd2 
Rde8 15.Rab1 Nd6 16.Bg5 h6 17.Bd2 Na5 18.Rfe1 Ne4 19.Bf4 Nc6 20.Bxe4 dxe4 
21.Qe2 a6 22.Rbd1 Qf6 23.d5 Nb8 24.Be3 Qd6 25.a4 f5 26.c4 Nd7 27.Qd2 g5 
28.Qc3 Nc5 29.Qa5 b6 30.Bxc5 bxc5 31.Rb1 f4 32.Rb3 g4 33.Qc3 Rh7 34.Qb2 
Kd7 35.Rb8 Rxb8 36.Qxb8 Re7 37.Qg8 h5 38.Qh8 Qg6 39.Rb1 Re8 40.Qc3 e3 41.
fxe3 Rxe3 42.Qd2 Qe4 43.Qf2 Re2 44.Qf1 h4 45.Rc1 h3 46.gxh3 Qe3+ 47.Kh1 
Rf2 48.Qd1 Qe4+ 0-1

[Event "2nd EUR-ch (w)"]
[Site "Warsaw POL"]
[Date "2001.05.02"]
[Round "10.29"]
[White "Medic, Mirjana"]
[Black "Graf-Mamedova, Rena"]
[Result "1-0"]
[WhiteElo "2274"]
[BlackElo "2353"]
[EventDate "2001.04.21"]
[PlyCount "101"]

1.Nf3 d5 2.b3 Bg4 3.Bb2 Nd7 4.g3 c6 5.Bg2 f6 6.d4 e6 7.Nbd2 f5 8.h3 Bh5 9.
c4 Ngf6 10.O-O Bd6 11.Ne5 O-O 12.f4 Qe7 13.Bf3 Kh8 14.Kg2 Bxf3+ 15.exf3 
Nh5 16.Kh2 g5 17.fxg5 Qxg5 18.Rg1 Nxe5 19.dxe5 Bc5 20.Rg2 f4 21.g4 Ng3 22.
cxd5 cxd5 23.Nf1 Nxf1+ 24.Qxf1 Be3 25.Rd1 Rac8 26.Qe1 Rc7 27.Bd4 Rfc8 28.
h4 Qh6 29.Kh3 Rc2 30.Rxc2 Rxc2 31.Bxe3 fxe3 32.g5 Qf8 33.Qxe3 Rxa2 34.Kg3 
Rc2 35.Rd4 a5 36.Rf4 Qc5 37.Qxc5 Rxc5 38.b4 Rc4 39.bxa5 d4 40.Kg4 Ra4 41.
Kh5 Kg7 42.Re4 Rxa5 43.Rxd4 Rxe5 44.Rd7+ Kg8 45.Kh6 Rf5 46.Rxh7 b5 47.Rb7 
Rxf3 48.Kg6 e5 49.Rxb5 e4 50.Re5 e3 51.Re8+ 1-0

[Event "2nd EUR-ch (w)"]
[Site "Warsaw POL"]
[Date "2001.05.02"]
[Round "10.31"]
[White "Mamedyarova, Zeinab"]
[Black "Matnadze, Ana"]
[Result "1-0"]
[WhiteElo "2226"]
[BlackElo "2332"]
[EventDate "2001.04.21"]
[PlyCount "159"]

1.d4 Nf6 2.c4 e6 3.Nf3 b6 4.g3 Bb7 5.Bg2 Be7 6.O-O O-O 7.Nc3 Ne4 8.Qc2 
Nxc3 9.Qxc3 c5 10.Be3 d6 11.Rfd1 Nd7 12.b4 Qc7 13.Rab1 cxd4 14.Bxd4 e5 15.
Be3 d5 16.Bh3 d4 17.Qb3 Nf6 18.Bd2 d3 19.Bg2 dxe2 20.Re1 Rad8 21.Bc3 Be4 
22.Rb2 Qb7 23.Nh4 Bxg2 24.Nxg2 Ne4 25.Rbxe2 f5 26.Re3 Bf6 27.h4 Qf7 28.Rc1
Rc8 29.Be1 Rfd8 30.Rd3 Nd6 31.Ne3 e4 32.Rd5 f4 33.gxf4 Bxh4 34.c5 bxc5 35.
bxc5 Rb8 36.Qc2 Qg6+ 37.Kf1 Nf7 38.Qc4 Rxd5 39.Qxd5 Rd8 40.Qc4 Qc6 41.Nf5 
e3 42.Nxe3 Bf6 43.f5 Re8 44.Qd5 Qa6+ 45.Kg1 Qe2 46.Qc4 Qf3 47.Rb1 Bg5 48.
Qd5 Qe2 49.Ng2 h5 50.Rb7 Be7 51.Qd7 Kf8 52.Bc3 Rd8 53.Bxg7+ Kxg7 54.Qxe7 
Rd1+ 55.Kh2 Qxe7 56.Rxe7 a5 57.Ra7 Rd2 58.Ne3 Rxf2+ 59.Kg3 Rxa2 60.c6 Ra3 
61.Kf4 Rc3 62.c7 h4 63.Nd5 Rc4+ 64.Kf3 Kh6 65.Rxa5 Kg5 66.Ra4 Ne5+ 67.Ke3 
h3 68.Rxc4 Nxc4+ 69.Kf3 Nd6 70.f6 Kg6 71.Kg3 Kf7 72.Kxh3 Ke6 73.Kg4 Kd7 
74.Kh5 Kc8 75.Kg6 Kd7 76.f7 Nxf7 77.Kxf7 Kc8 78.Ke8 Kb7 79.Kd7 Ka7 80.Ne7 
1-0

[Event "2nd EUR-ch (w)"]
[Site "Warsaw POL"]
[Date "2001.05.02"]
[Round "10.32"]
[White "Georgieva, Liubka"]
[Black "Pokorna, Regina"]
[Result "1-0"]
[WhiteElo "2162"]
[BlackElo "2376"]
[EventDate "2001.04.21"]
[PlyCount "33"]

1.e4 c5 2.Nf3 e6 3.d3 Nc6 4.g3 Nge7 5.Bg2 g6 6.O-O Bg7 7.c3 O-O 8.h4 d5 9.
Qe2 b6 10.e5 Nf5 11.Re1 b5 12.Bg5 Qb6 13.g4 Nfe7 14.Bf6 Ba6 15.Qd2 Rab8 
16.h5 Kh8 17.Qh6 1-0

[Event "2nd EUR-ch (w)"]
[Site "Warsaw POL"]
[Date "2001.05.02"]
[Round "10.33"]
[White "Umanskaya, Irina"]
[Black "Calotescu, Ana-Cristina"]
[Result "0-1"]
[WhiteElo "2313"]
[BlackElo "2218"]
[EventDate "2001.04.21"]
[PlyCount "84"]

1.d4 Nf6 2.g3 g6 3.Bg2 Bg7 4.e4 d6 5.Ne2 c6 6.O-O Nbd7 7.Nbc3 O-O 8.h3 e5 
9.Be3 Qc7 10.f4 exd4 11.Nxd4 Re8 12.Bf2 a6 13.Re1 Rb8 14.Qd2 c5 15.Nf3 b5 
16.e5 dxe5 17.fxe5 Nxe5 18.Nxe5 Rxe5 19.Rxe5 Qxe5 20.Qd8+ Qe8 21.Qxe8+ 
Nxe8 22.Bxc5 Bf5 23.Nd5 Bxb2 24.Ne7+ Kg7 25.Nxf5+ gxf5 26.Re1 Rc8 27.Bf2 
Nd6 28.Re2 Bf6 29.Bd5 Rc3 30.g4 Rxh3 31.Bg2 Rh6 32.Bc5 fxg4 33.Rd2 Be5 34.
Rd5 Nc4 35.Rd7 Bb2 36.Kf2 Rf6+ 37.Ke2 h5 38.Bd5 Ne5 39.Rd8 Ng6 40.Be4 Re6 
41.Kd3 Nf4+ 42.Ke3 f5 0-1

[Event "2nd EUR-ch (w)"]
[Site "Warsaw POL"]
[Date "2001.05.02"]
[Round "10.34"]
[White "Andersson, Christin"]
[Black "Berend, Elvira"]
[Result "1/2-1/2"]
[WhiteElo "2115"]
[BlackElo "2312"]
[EventDate "2001.04.21"]
[PlyCount "188"]

1.e4 c5 2.Nf3 e6 3.c3 d5 4.exd5 Qxd5 5.d4 Nf6 6.Nbd2 cxd4 7.Bc4 Qd8 8.Nxd4
Be7 9.O-O O-O 10.N2f3 Qc7 11.Qe2 a6 12.Re1 Nc6 13.Nxc6 bxc6 14.Bg5 a5 15.
Rad1 a4 16.Ne5 Nd5 17.Bxe7 Nxe7 18.Rd3 Nd5 19.Rd4 f6 20.Nd3 Ra5 21.Bxd5 
Rxd5 22.Rxd5 cxd5 23.Nb4 a3 24.h3 axb2 25.Qxb2 Bd7 26.Qd2 Qc5 27.Re3 Rd8 
28.Rg3 Be8 29.Qf4 Bg6 30.h4 Qe7 31.Re3 Qd7 32.Qd4 Rc8 33.Qb6 e5 34.Rg3 Kh8
35.Qe3 Qd6 36.Qd2 Rd8 37.a4 Qc5 38.Nd3 Qa3 39.h5 Be4 40.h6 g6 41.Nb4 Qxa4 
42.Re3 Qa8 43.f3 Bf5 44.g4 Be6 45.g5 d4 46.cxd4 Rxd4 47.Rd3 Qa1+ 48.Kg2 
Bc4 49.Qc2 Kg8 50.gxf6 Kf8 51.Rxd4 Qf1+ 52.Kh2 exd4 53.Nc6 Qd3 54.Qb2 Qe2+
55.Qxe2 Bxe2 56.Nxd4 Bd1 57.Ne6+ Kf7 58.Ng5+ Kxf6 59.Nxh7+ Kf7 60.f4 Bc2 
61.Kg3 Bb1 62.Kg4 Bc2 63.Kg5 Bb1 64.Nf6 Bc2 65.Ng4 Kg8 66.Nf6+ Kf7 67.Nd5 
Kg8 68.Ne3 Bb1 69.Nc4 Bc2 70.Ne5 Kh7 71.Nc6 Bb1 72.Nb8 Bc2 73.Nd7 Kg8 74.
Nf6+ Kf7 75.Nd7 Kg8 76.Ne5 Kh7 77.Ng4 Kg8 78.Ne3 Bb1 79.Nd1 Bc2 80.Nc3 Kf7
81.Nd5 Kg8 82.Ne7+ Kh7 83.Nd5 Kg8 84.Ne3 Bb1 85.Ng4 Bc2 86.Ne5 Kh7 87.Nf7 
Kg8 88.Kf6 Kh7 89.Kg5 Kg8 90.Nd6 Kh7 91.Ne8 Kg8 92.Nc7 Bb1 93.Nd5 Bc2 94.
Nf6+ Kf7 1/2-1/2

[Event "2nd EUR-ch (w)"]
[Site "Warsaw POL"]
[Date "2001.05.02"]
[Round "10.35"]
[White "Popova, Natalia"]
[Black "Kharashkina, Bairta"]
[Result "1-0"]
[WhiteElo "2308"]
[BlackElo "2173"]
[EventDate "2001.04.21"]
[PlyCount "69"]

1.e4 c5 2.d3 Nc6 3.f4 e6 4.Nf3 d5 5.Be2 Nge7 6.O-O g6 7.c3 Bg7 8.Na3 a6 9.
Nc2 O-O 10.Bd2 c4 11.e5 cxd3 12.Bxd3 f6 13.exf6 Bxf6 14.Kh1 Qd6 15.Qe2 Bd7
16.Rae1 Rae8 17.Ne5 Bc8 18.Rf3 Bg7 19.Rh3 Nxe5 20.fxe5 Qc7 21.Nd4 Bd7 22.
Nf3 Nc6 23.Bh6 Bxh6 24.Rxh6 Re7 25.Ng5 Bc8 26.h4 Rg7 27.h5 Ne7 28.hxg6 
hxg6 29.Qg4 Nf5 30.Bxf5 Rxf5 31.Qh4 Kf8 32.g4 Rf4 33.Qg3 Qc4 34.b3 Rf1+ 
35.Kg2 1-0

[Event "2nd EUR-ch (w)"]
[Site "Warsaw POL"]
[Date "2001.05.02"]
[Round "10.37"]
[White "Manakova, Maria"]
[Black "Sudakova, Irina"]
[Result "0-1"]
[WhiteElo "2395"]
[BlackElo "2256"]
[EventDate "2001.04.21"]
[PlyCount "130"]

1.e4 e5 2.Nf3 Nf6 3.d4 Nxe4 4.Bd3 d5 5.Nxe5 Nd7 6.Nxd7 Bxd7 7.O-O Bd6 8.
Qh5 c6 9.Re1 O-O 10.Bxe4 dxe4 11.Rxe4 g6 12.Qh6 Re8 13.Rxe8+ Qxe8 14.Be3 
Qe4 15.c4 Bf8 16.Qf4 Qxf4 17.Bxf4 Be6 18.Nd2 Bg7 19.Be3 Rd8 20.Rd1 Bxd4 
21.Ne4 Bb6 22.Rxd8+ Bxd8 23.Bxa7 Bxc4 24.b3 Be6 25.Nc5 Bc8 26.Kf1 Bc7 27.
h3 h5 28.Ke2 Kf8 29.Kd3 Ke7 30.Kd4 f6 31.Na4 h4 32.Bc5+ Kf7 33.Bb6 Bd6 34.
Bc5 Be5+ 35.Ke3 g5 36.Bd4 Bf4+ 37.Kf3 Bc7 38.Ke2 Kg6 39.f3 Bf5 40.Nc3 b6 
41.Na4 c5 42.Be3 Bd7 43.Nc3 Bc6 44.Kd3 f5 45.Kc4 Bd8 46.a3 Kf7 47.b4 cxb4 
48.axb4 Ke6 49.Ne2 Kd6 50.Nd4 Bd7 51.Bg1 Bf6 52.Nb5+ Kc6 53.Bd4 Bxd4 54.
Nxd4+ Kd6 55.Kd3 Kd5 56.Nc2 Bb5+ 57.Kd2 f4 58.Kc3 Bf1 59.Ne1 b5 60.Nc2 
Bxg2 61.Nd4 Bxh3 62.Nxb5 Bd7 63.Nc7+ Kd6 64.Na6 h3 65.Nc5 Bf5 0-1

[Event "2nd EUR-ch (w)"]
[Site "Warsaw POL"]
[Date "2001.05.02"]
[Round "10.38"]
[White "Velcheva, Maria"]
[Black "Zayats, Elena"]
[Result "1-0"]
[WhiteElo "2244"]
[BlackElo "2376"]
[EventDate "2001.04.21"]
[PlyCount "95"]

1.e4 e5 2.Nf3 Nc6 3.d4 exd4 4.Nxd4 Bb4+ 5.c3 Bc5 6.Be3 Bb6 7.Bc4 Nge7 8.
Qh5 O-O 9.Nd2 Nxd4 10.cxd4 d5 11.exd5 Bf5 12.O-O Bg6 13.Qf3 Nf5 14.Qf4 Ne7
15.Qf3 Nf5 16.Qg4 Qe7 17.Qf4 Nxe3 18.Qxe3 Qf6 19.Nb3 Rfe8 20.Qd2 Rad8 21.
Rfe1 Be4 22.Re3 c6 23.Rae1 cxd5 24.Bxd5 Rxd5 25.Rxe4 Rxe4 26.Rxe4 Qc6 27.
Qc3 Qd7 28.g3 h6 29.Qe3 Kf8 30.Nc5 Bxc5 31.dxc5 Rd1+ 32.Kg2 Rd3 33.Re8+ 
Qxe8 34.Qxd3 Qc6+ 35.Kg1 Kg8 36.b4 g6 37.Qc4 Qa4 38.Qb3 Qc6 39.Qe3 h5 40.
Qe5 Qb5 41.a3 a6 42.Qd6 Kg7 43.Qe5+ Kg8 44.Qd5 Kg7 45.h4 Kf6 46.Kg2 Ke7 
47.Qd6+ Ke8 48.Kf3 1-0

[Event "2nd EUR-ch (w)"]
[Site "Warsaw POL"]
[Date "2001.05.02"]
[Round "10.40"]
[White "Slavina, Irina"]
[Black "Cherednichenko, Svetlana"]
[Result "1-0"]
[WhiteElo "2332"]
[BlackElo "2203"]
[EventDate "2001.04.21"]
[PlyCount "64"]

1.d4 Nf6 2.c4 g6 3.Nc3 Bg7 4.e4 d6 5.f4 O-O 6.Nf3 Nfd7 7.Be3 c6 8.Be2 e5 
9.O-O exf4 10.Bxf4 Nb6 11.Rc1 f5 12.Qd2 Re8 13.Bd3 Qf6 14.e5 dxe5 15.Bxe5 
Qf8 16.Bxg7 Kxg7 17.Rfe1 Be6 18.d5 cxd5 19.cxd5 Qc5+ 20.Kh1 Bf7 21.Rxe8 
Bxe8 22.Nb5 Qxd5 23.Nc7 Qd7 24.Qc3+ Kh6 25.Ne5 Qd8 26.Nxa8 Nxa8 27.Qc8 Qg5
28.Rf1 Qe7 29.Qxb8 Nc7 30.Re1 Qb4 31.Nf3 Qc5 32.Qd8 Bb5 1-0

[Event "2nd EUR-ch (w)"]
[Site "Warsaw POL"]
[Date "2001.05.02"]
[Round "10.43"]
[White "Melamed, Tetyana"]
[Black "Saljova-Orsagova, Silvie"]
[Result "0-1"]
[WhiteElo "2273"]
[BlackElo "2142"]
[EventDate "2001.04.21"]
[PlyCount "79"]

1.e4 d5 2.exd5 Qxd5 3.Nc3 Qa5 4.d4 Nf6 5.Nf3 Bf5 6.Bc4 c6 7.Bd2 e6 8.Nd5 
Qd8 9.Nxf6+ Qxf6 10.O-O Bg4 11.c3 Bd6 12.Be2 Nd7 13.Qb3 Nb6 14.c4 Bxf3 15.
Bxf3 Qxd4 16.Be3 Qe5 17.g3 Bc5 18.Bf4 Qf6 19.h4 h6 20.Rfe1 O-O 21.a4 Bd4 
22.a5 Nd7 23.Qxb7 Nc5 24.Qxc6 Rac8 25.Qb5 a6 26.Qb6 Nd3 27.Qxa6 Bxf2+ 28.
Kf1 Bxe1 29.Rxe1 Nxe1 30.Kxe1 Qxb2 31.Be2 Ra8 32.Qb6 Qa1+ 33.Kf2 Rxa5 34.
c5 Qd4+ 35.Be3 Qf6+ 36.Bf4 Ra2 37.Qb3 Rfa8 38.c6 Rb2 39.Qd3 e5 40.c7 0-1

[Event "2nd EUR-ch (w)"]
[Site "Warsaw POL"]
[Date "2001.05.02"]
[Round "10.45"]
[White "Iwaniuk, Dorota"]
[Black "Lomakina, Galia"]
[Result "1-0"]
[WhiteElo "2266"]
[BlackElo "2134"]
[EventDate "2001.04.21"]
[PlyCount "105"]

1.e4 c6 2.Nc3 d5 3.Nf3 Bg4 4.h3 Bxf3 5.Qxf3 e6 6.d3 Nd7 7.Qg3 g6 8.Be2 Bg7
9.f4 d4 10.Nb1 Ne7 11.Nd2 b5 12.a4 a6 13.Bf3 a5 14.O-O b4 15.Qf2 O-O 16.e5
Nc5 17.b3 f6 18.Nc4 fxe5 19.Nxe5 Rc8 20.Bd2 g5 21.Rae1 gxf4 22.Bg4 Nf5 23.
Bxf5 Rxf5 24.Bxf4 Nb7 25.Qg3 Kh8 26.Bh6 Bxe5 27.Rxe5 Rxf1+ 28.Kxf1 Qf6+ 
29.Qf4 Rf8 30.Rxe6 Qxf4+ 31.Bxf4 Rxf4+ 32.Ke2 c5 33.Re7 Nd6 34.Ra7 Rf7 35.
Rxa5 Rc7 36.Ra6 Nf5 37.Kf3 Ne3 38.Ra8+ Kg7 39.a5 Nxc2 40.a6 Na1 41.Rb8 Kg6
42.Rb6+ Kf5 43.g4+ Ke5 44.Rb7 Rc6 45.a7 Ra6 46.Rxh7 Ra5 47.g5 Kf5 48.h4 
Nxb3 49.Rf7+ Ke6 50.g6 c4 51.Rb7 Nc5 52.g7 Nxb7 53.g8=Q+ 1-0

[Event "2nd EUR-ch (w)"]
[Site "Warsaw POL"]
[Date "2001.05.02"]
[Round "10.46"]
[White "Kucypera, Anna"]
[Black "Nill, Jessica"]
[Result "1/2-1/2"]
[WhiteElo "2145"]
[BlackElo "2263"]
[EventDate "2001.04.21"]
[PlyCount "113"]

1.e4 e5 2.Nf3 Nc6 3.Bc4 d6 4.d3 Be7 5.O-O Nf6 6.c3 O-O 7.Re1 Na5 8.Bb5 a6 
9.Ba4 b5 10.Bc2 c5 11.Nbd2 Qc7 12.Nf1 Nc6 13.Ne3 Bd7 14.h3 Bd8 15.Nh2 Ne7 
16.Nhg4 Nxg4 17.hxg4 Be6 18.Nf5 Rc8 19.Re3 Ng6 20.Rh3 Nf4 21.Rh2 Re8 22.
Qf3 Ng6 23.Qh3 Nf8 24.f4 Bf6 25.Nh6+ gxh6 26.f5 Bg7 27.Bxh6 f6 28.fxe6 
Rxe6 29.Rf1 Bxh6 30.Qxh6 Qg7 31.Qh3 Rc7 32.Rf5 Ree7 33.g3 Ne6 34.Qh6 Rf7 
35.Qxg7+ Kxg7 36.Rhf2 h6 37.Kg2 Ng5 38.Rf1 Rf8 39.R1f2 Nh7 40.Kf1 Rd8 41.
Rh2 Ng5 42.Rhf2 Rf8 43.Kg2 Kg6 44.Kf1 Rh7 45.Bd1 Rb7 46.Bb3 Rc7 47.a3 a5 
48.Bc2 Ne6 49.Rh2 Rh7 50.Bb3 Ng7 51.Rff2 h5 52.Rh4 Rh6 53.Kg2 Kg5 54.Bd1 
Kg6 55.Bb3 Kg5 56.Bd1 Kg6 57.Bb3 1/2-1/2

[Event "2nd EUR-ch (w)"]
[Site "Warsaw POL"]
[Date "2001.05.02"]
[Round "10.49"]
[White "Aginian, Nelly"]
[Black "Khukhashvili, Sopiko"]
[Result "0-1"]
[WhiteElo "2192"]
[BlackElo "2326"]
[EventDate "2001.04.21"]
[PlyCount "112"]

1.e4 c5 2.Nf3 d6 3.c3 Nf6 4.Be2 g6 5.O-O Bg7 6.Re1 O-O 7.Bf1 Bg4 8.h3 Bxf3
9.Qxf3 Nc6 10.a3 Nd7 11.Qd1 e5 12.b4 Re8 13.Bb2 Nf8 14.d3 a6 15.Nd2 b5 16.
Nf3 Ne6 17.Qd2 Qb6 18.Reb1 Red8 19.c4 Rab8 20.Bc3 Qc7 21.a4 cxb4 22.Bxb4 
bxc4 23.dxc4 Nxb4 24.Rxb4 Nc5 25.Rxb8 Rxb8 26.Qd5 a5 27.Ne1 Bf8 28.Nc2 Rb2
29.Ne3 Qb8 30.g3 Rxf2 31.Ng4 Rf3 32.Be2 Qb2 33.Bxf3 Qxa1+ 34.Kf2 Qb2+ 35.
Kg1 Kg7 36.h4 h5 37.Nf2 Be7 38.Qa8 Qa1+ 39.Kg2 Qxa4 40.Qa7 Bf8 41.Qb6 Ne6 
42.Qb5 Qa3 43.Bd1 Qc3 44.Qd5 Nd4 45.Qa8 Qb4 46.Qa6 Be7 47.Qa7 Bd8 48.Qd7 
Bb6 49.g4 Ne6 50.Qb5 Nf4+ 51.Kf1 Bxf2 52.Qxb4 axb4 53.Kxf2 hxg4 54.Bxg4 b3
55.Bd1 b2 56.Bc2 Kh6 0-1